Harry Potter Spells - Sudden Death - Statistics

General Stats
  • This quiz has been taken 107 times
  • The average score is 9 of 20
Answers on the Grid
Answers color-coded by a green-red scale on the quiz's grid according to % correct below.
Vera Verto
Currere Velox
Comitatus Compendium
Alarte Ascendare
Sonorus
Insourcerous
Homenum Revelio
Fianto Duri
Gesto Grassuor
Incarcerous
Harmonia Nectere Passus
Abstergo
Locomotor Wibbly
Repello Inimicum
Muffliato
Immobulus
Concepta Concidius
Protego Maxima
Liquidius
Rictusempra
Locatordas
Scourgify
Relashio
Selerium
Brackium Emendo
Peskipiksi Pesternomi
Vos Volubitor
Anapneo
Oppugno
Legilimens
 
Answer Stats
Answer % Correct
Rictusempra
71%
Immobulus
70%
Vera Verto
70%
Protego Maxima
67%
Legilimens
63%
Homenum Revelio
60%
Incarcerous
57%
Muffliato
56%
Sonorus
51%
Scourgify
50%
Relashio
49%
Oppugno
47%
Repello Inimicum
46%
Brackium Emendo
31%
Peskipiksi Pesternomi
30%
Alarte Ascendare
29%
Anapneo
27%
Fianto Duri
27%
Locomotor Wibbly
23%
Harmonia Nectere Passus
17%
No matching quizzes found
Score Distribution
Percent of People with Each Score
Percentile by Number Answered
Your Score History
You have not taken this quiz